000 00292nam a2200133Ia 4500
008 191201s2011 xx 000 0 und d
100 _aBERI,G C
245 0 _aBusiness statistics
250 _aRep
260 _c2011
_bTMG
_aN. delhi
300 _a802
650 _aMBA
942 _2ddc
_cBB
_0177
999 _c7544
_d7544